[Event "ChessOrg Schachfestival 2024 Bad Wörishofen"]
[White "Kierzek, Mira"]
[Black "James, Kevin"]
[Site "Bad Woerishofen"]
[Round "3.28"]
[Annotator "wempe"]
[Result "1/2-1/2"]
[Date "2024.??.??"]
[WhiteElo "1977"]
[BlackElo "1892"]
[PlyCount "30"]
[GameId "2118793979371768"]
[EventDate "2024.03.10"]

1. c4 g6 2. Nc3 Bg7 3. g3 c5 4. Bg2 Nc6 5. Nf3 Nf6 6. O-O O-O 7. d3 h6 8. h3 d6 9. Be3 Be6 10. Qd2 Kh7 11. Kh2 Rc8 12. Rac1 Nd7 13. Qd1 f6 14. b3 Bg8 15. d4 e5 1/2-1/2

[Event "ChessOrg Schachfestival 2024 Bad Wörishofen"]
[White "Oberhofer, Max"]
[Black "Wunderlich, Frank"]
[Site "Bad Woerishofen"]
[Round "3.29"]
[Annotator "wempe"]
[Result "1-0"]
[Date "2024.??.??"]
[WhiteElo "2084"]
[BlackElo "1843"]
[PlyCount "67"]
[GameId "2118793979371769"]
[EventDate "2024.03.10"]

1. Nf3 d6 2. d4 Nf6 3. c4 g6 4. Nc3 Bg7 5. g3 O-O 6. Bg2 c5 7. O-O cxd4 8. Nxd4 a6 9. b3 Qc7 10. Bb2 Bd7 11. Rc1 Nc6 12. Nd5 Qd8 13. Nxc6 Bxc6 14. Nxf6+ exf6 15. Ba3 Qa5 16. Qxd6 Rfd8 17. Qb4 Qe5 18. Bxc6 bxc6 19. Rfe1 f5 20. c5 a5 21. Qc4 Rd2 22. Rc2 Rad8 23. Bc1 Rd1 24. Rxd1 Rxd1+ 25. Kg2 Rd4 26. Qc3 Qe4+ 27. f3 Qe5 28. Qxa5 Qe8 29. Bb2 Rd5 30. Bxg7 Kxg7 31. Qc3+ f6 32. b4 Re5 33. Kf2 g5 34. Qc4 1-0

[Event "ChessOrg Schachfestival 2024 Bad Wörishofen"]
[White "Geyer, Bernhard"]
[Black "Ebner, Hermann"]
[Site "Bad Woerishofen"]
[Round "3.30"]
[Annotator "wempe"]
[Result "1-0"]
[Date "2024.??.??"]
[WhiteElo "2119"]
[BlackElo "1903"]
[PlyCount "59"]
[GameId "2118793979371770"]
[EventDate "2024.03.10"]

1. e4 c6 2. Nc3 e5 3. Nf3 d6 4. d4 Qc7 5. Be2 Bg4 6. h3 Bh5 7. Be3 Nf6 8. Qd3 Nbd7 9. g4 Bg6 10. Nh4 O-O-O 11. f4 exd4 12. Nxg6 hxg6 13. Qxd4 Nb6 14. g5 Nfd7 15. O-O Nc5 16. Bg4+ Kb8 17. Rad1 Ne6 18. Qd3 Qe7 19. Rf3 Nd7 20. Bf2 Nec5 21. Qe3 Re8 22. b4 Nxe4 23. Qxa7+ Kc7 24. Nxe4 Qxe4 25. Re1 Qxe1+ 26. Bxe1 Rxe1+ 27. Kf2 Re7 28. Bxd7 Rxd7 29. b5 c5 30. b6+ 1-0

[Event "ChessOrg Schachfestival 2024 Bad Wörishofen"]
[White "Lange, Manfred"]
[Black "Di Lazzaro, Gabriele"]
[Site "Bad Woerishofen"]
[Round "3.31"]
[Annotator "wempe"]
[Result "1/2-1/2"]
[Date "2024.??.??"]
[WhiteElo "2036"]
[BlackElo "1880"]
[PlyCount "94"]
[GameId "2118793979371771"]
[EventDate "2024.03.10"]

1. d4 d5 2. c4 e6 3. Nf3 c6 4. g3 f5 5. Bg2 Nf6 6. O-O Bd6 7. b3 Qe7 8. Bb2 O-O 9. Nc3 b6 10. Re1 Nbd7 11. Rc1 Bb7 12. e3 Ne4 13. Nd2 Nxc3 14. Bxc3 Nf6 15. f3 Rae8 16. Qc2 Qf7 17. Re2 Qh5 18. Rce1 e5 19. dxe5 Bxe5 20. Bxe5 Rxe5 21. f4 Re7 22. Bf3 Qe8 23. cxd5 cxd5 24. Qxf5 Ne4 25. Qh5 g6 26. Qh4 Nxd2 27. Rxd2 Rxe3 28. Rde2 Rxe2 29. Rxe2 Qd8 30. Re7 Rf7 31. Rxb7 g5 32. Qxg5+ Qxg5 33. fxg5 Rxf3 34. Rxa7 Rd3 35. Kf2 Rd2+ 36. Ke3 Rxh2 37. Rd7 Rxa2 38. Rxd5 Rc2 39. Rb5 Rc6 40. Ke4 Kg7 41. Kd5 Rg6 42. Kc4 Rc6+ 43. Kb4 Kg6 44. Rd5 Kh5 45. Rd7 Rg6 46. Kb5 Rxg5+ 47. Kxb6 Rxg3 1/2-1/2

[Event "ChessOrg Schachfestival 2024 Bad Wörishofen"]
[White "Bertz, Uwe"]
[Black "Hinz, Holger"]
[Site "Bad Woerishofen"]
[Round "3.33"]
[Annotator "wempe"]
[Result "0-1"]
[Date "2024.??.??"]
[WhiteElo "1880"]
[BlackElo "2001"]
[PlyCount "88"]
[GameId "2118793979371773"]
[EventDate "2024.03.10"]

1. Nf3 Nf6 2. d4 g6 3. c4 Bg7 4. Nc3 d6 5. e4 O-O 6. h3 Nc6 7. Be2 e5 8. dxe5 Nxe5 9. Be3 Nxf3+ 10. Bxf3 Be6 11. Qe2 Nd7 12. Rc1 Ne5 13. b3 c6 14. Qd2 Nxf3+ 15. gxf3 Qf6 16. Ke2 Qe7 17. Kf1 b6 18. Kg2 Rad8 19. Bg5 f6 20. Bh6 Rd7 21. Bxg7 Kxg7 22. Qe3 f5 23. f4 fxe4 24. Nxe4 d5 25. Ng5 Bg8 26. Qe5+ Qf6 27. Rhe1 d4 28. Ne4 Qxe5 29. fxe5 c5 30. Nf6 Rdf7 31. h4 h6 32. Kg3 g5 33. hxg5 hxg5 34. Ng4 Rf3+ 35. Kg2 Be6 36. Nf6 g4 37. Rh1 Rh8 38. Rxh8 Kxh8 39. Ne4 Rf5 40. Nf6 Rxe5 41. Rh1+ Kg7 42. Ne8+ Kg6 43. Nc7 Bf5 44. Nb5 Be4+ 0-1

[Event "ChessOrg Schachfestival 2024 Bad Wörishofen"]
[White "Schinnerl, Werner"]
[Black "Hilbenz, Guntram"]
[Site "Bad Woerishofen"]
[Round "3.34"]
[Annotator "wempe"]
[Result "1/2-1/2"]
[Date "2024.??.??"]
[WhiteElo "1983"]
[BlackElo "1871"]
[PlyCount "37"]
[GameId "2118793979371774"]
[EventDate "2024.03.10"]

1. e4 c6 2. Nf3 d5 3. exd5 cxd5 4. Ne5 Nc6 5. Bb5 Bd7 6. Bxc6 bxc6 7. O-O Nf6 8. d4 g6 9. c3 Bg7 10. Nd2 O-O 11. Nd3 Qc8 12. Nc5 Bf5 13. Ndb3 Nd7 14. Nxd7 Bxd7 15. Re1 Re8 16. Bf4 f6 17. Qd2 e5 18. Be3 Bf5 19. Re2 1/2-1/2

[Event "ChessOrg Schachfestival 2024 Bad Wörishofen"]
[White "Kundt, Guenther"]
[Black "Gerl, Hans"]
[Site "Bad Woerishofen"]
[Round "3.36"]
[Annotator "wempe"]
[Result "0-1"]
[Date "2024.??.??"]
[WhiteElo "1851"]
[BlackElo "1965"]
[PlyCount "82"]
[GameId "2118793979371776"]
[EventDate "2024.03.10"]

1. d4 Nf6 2. c4 e6 3. a3 b6 4. Nf3 Bb7 5. Nc3 d5 6. cxd5 exd5 7. Bg5 Be7 8. e3 O-O 9. Bd3 c5 10. O-O Nbd7 11. Qc2 g6 12. Qe2 c4 13. Bc2 Rc8 14. Bh6 Re8 15. Ba4 a6 16. Rac1 b5 17. Bc2 Bd6 18. Bg5 Qc7 19. Bh4 Bc6 20. Bg3 a5 21. Bxd6 Qxd6 22. Qd2 b4 23. axb4 axb4 24. Ne2 Ra8 25. Ra1 Bb5 26. Rfb1 Kg7 27. Ng3 b3 28. Bd1 Ra6 29. Ra5 Rb8 30. Rba1 Rba8 31. Qc3 Qb6 32. Rxa6 Rxa6 33. Qc1 Qa7 34. Rxa6 Qxa6 35. Ne2 Ne4 36. Nd2 Qa5 37. Nf3 Nb6 38. h3 Qa2 39. Nc3 Nxc3 40. Qxc3 Qb1 41. Qd2 Na4 0-1

[Event "ChessOrg Schachfestival 2024 Bad Wörishofen"]
[White "Barten, Ralf"]
[Black "Bjorgvik, Jan Arne"]
[Site "Bad Woerishofen"]
[Round "3.37"]
[Annotator "wempe"]
[Result "1-0"]
[Date "2024.??.??"]
[WhiteElo "1963"]
[BlackElo "1858"]
[PlyCount "67"]
[GameId "2118793979371777"]
[EventDate "2024.03.10"]

1. Nf3 d5 2. d4 e6 3. c4 Nf6 4. g3 Bb4+ 5. Bd2 Bxd2+ 6. Qxd2 dxc4 7. Bg2 c6 8. Ne5 Qc7 9. Nxc4 c5 10. dxc5 O-O 11. b4 Rd8 12. Qb2 Nc6 13. Nc3 a6 14. O-O Bd7 15. Rfd1 Be8 16. a3 Rxd1+ 17. Rxd1 Rd8 18. Rxd8 Qxd8 19. Nd6 Qc7 20. Nce4 Qe7 21. Nxf6+ gxf6 22. Nxe8 Qxe8 23. Qxf6 Qd7 24. Qg5+ Kf8 25. Bxc6 Qd1+ 26. Kg2 bxc6 27. Qe3 Qd5+ 28. Qf3 Qa2 29. Qd3 e5 30. Qd6+ Kg7 31. Qxe5+ Kg8 32. Qg5+ Kf8 33. Qd8+ Kg7 34. Qd3 1-0

[Event "ChessOrg Schachfestival 2024 Bad Wörishofen"]
[White "Stern, Robert"]
[Black "Ganslmayer, Anton"]
[Site "Bad Woerishofen"]
[Round "3.38"]
[Annotator "wempe"]
[Result "1-0"]
[Date "2024.??.??"]
[WhiteElo "1962"]
[BlackElo "1852"]
[PlyCount "33"]
[GameId "2118793979371778"]
[EventDate "2024.03.10"]

1. e4 d6 2. d4 Nf6 3. Nc3 c6 4. f4 Qa5 5. Bd3 e5 6. Nf3 Bg4 7. Be3 Na6 8. O-O exd4 9. Bxd4 Be7 10. h3 Bxf3 11. Qxf3 Nc7 12. e5 Qb4 13. Ne2 Nfd5 14. a3 Qa4 15. b3 Qa5 16. b4 Qa4 17. c4 1-0

[Event "ChessOrg Schachfestival 2024 Bad Wörishofen"]
[White "Hafner, Robert"]
[Black "Klimpel, Siegfried"]
[Site "Bad Woerishofen"]
[Round "3.39"]
[Annotator "wempe"]
[Result "1-0"]
[Date "2024.??.??"]
[WhiteElo "1953"]
[BlackElo "1848"]
[PlyCount "44"]
[GameId "2118793979371779"]
[EventDate "2024.03.10"]

1. d4 Nf6 2. Nf3 g6 3. e3 Bg7 4. Be2 d6 5. b3 Bf5 6. Bb2 Nc6 7. O-O O-O 8. Qc1 a5 9. a3 Bh6 10. Rd1 d5 11. c4 e6 12. Nc3 Ne7 13. Ne5 g5 14. Qd2 c6 15. b4 g4 16. b5 Bg5 17. a4 h5 18. Ba3 Rc8 19. Rac1 h4 20. bxc6 bxc6 21. cxd5 cxd5 22. Nb5 Ne4 {unleserlich} 1-0

[Event "ChessOrg Schachfestival 2024 Bad Wörishofen"]
[White "Heid, Michael"]
[Black "Rothenhagen, Siegfried"]
[Site "Bad Woerishofen"]
[Round "3.40"]
[Annotator "wempe"]
[Result "1-0"]
[Date "2024.??.??"]
[WhiteElo "1944"]
[BlackElo "1836"]
[PlyCount "75"]
[GameId "2118793979371780"]
[EventDate "2024.03.10"]

1. d4 Nf6 2. Bg5 g6 3. Bxf6 exf6 4. e3 Bg7 5. h4 h6 6. h5 g5 7. Bd3 d5 8. c3 b6 9. Ne2 Bb7 10. Ng3 Bc8 11. Nf5 Bxf5 12. Bxf5 O-O 13. Qa4 Qd6 14. Nd2 Nc6 15. Nf1 Ne7 16. Ng3 Nxf5 17. Nxf5 Qe6 18. Qc2 Rfe8 19. O-O-O Qe4 20. f3 Qxc2+ 21. Kxc2 Kh7 22. Kd3 Bf8 23. c4 dxc4+ 24. Kxc4 c5 25. d5 Re5 26. e4 a6 27. a4 Rb8 28. Ra1 b5+ 29. axb5 axb5+ 30. Kc3 Rd8 31. g4 Ree8 32. Ra6 Bg7 33. Rha1 Rb8 34. Rc6 Rec8 35. Raa6 c4 36. Rxc8 Rxc8 37. Rb6 Rc5 38. d6 1-0

[Event "ChessOrg Schachfestival 2024 Bad Wörishofen"]
[White "Halli, Gerhard"]
[Black "Schoknecht, Sabine"]
[Site "Bad Woerishofen"]
[Round "3.41"]
[Annotator "wempe"]
[Result "1-0"]
[Date "2024.??.??"]
[WhiteElo "1928"]
[BlackElo "1816"]
[PlyCount "63"]
[GameId "2118793979371781"]
[EventDate "2024.03.10"]

1. d4 b6 2. Bf4 d6 3. Nf3 Bb7 4. e3 e6 5. Nbd2 Be7 6. Bb5+ Nd7 7. O-O h5 8. e4 g5 9. Be3 g4 10. Ne1 a6 11. Bd3 Ngf6 12. Qe2 Rg8 13. a4 h4 14. f4 h3 15. g3 Nh5 16. c4 Bf8 17. a5 c5 18. d5 Qe7 19. Nc2 Nhf6 20. axb6 Nxb6 21. b4 exd5 22. exd5 Nbxd5 23. cxd5 Bxd5 24. bxc5 dxc5 25. Rfe1 Kd8 26. Bxa6 Qd6 27. Bc4 Rxa1 28. Rxa1 Bb7 29. Qd3 Nd5 30. Ne4 Qc6 31. Qxd5+ Qxd5 32. Bxd5 1-0

[Event "ChessOrg Schachfestival 2024 Bad Wörishofen"]
[White "Traversi, Carlo"]
[Black "Storkebaum, Ulrike"]
[Site "Bad Woerishofen"]
[Round "3.42"]
[Annotator "wempe"]
[Result "0-1"]
[Date "2024.??.??"]
[WhiteElo "1676"]
[BlackElo "1802"]
[PlyCount "80"]
[GameId "2118793979371782"]
[EventDate "2024.03.10"]

1. e4 e5 2. Nc3 Nc6 3. Nf3 Nf6 4. d4 exd4 5. Nxd4 d6 6. Be2 Be7 7. O-O O-O 8. Be3 Ne5 9. f3 c5 10. Nf5 Bxf5 11. exf5 d5 12. Bf4 Nc6 13. Kh1 d4 14. Ne4 Nd5 15. Bd2 Qb6 16. b3 Rad8 17. Rg1 Qc7 18. Bc4 Ncb4 19. Qc1 Nc6 20. Bxd5 Rxd5 21. f6 Bxf6 22. Nxf6+ gxf6 23. Re1 Rh5 24. h3 Qd7 25. Bf4 Re8 26. Qd2 Rxe1+ 27. Rxe1 Ne5 28. Qf2 Kh8 29. Kg1 Ng6 30. Bg3 Rd5 31. Bh4 Kg7 32. Qg3 d3 33. cxd3 Rxd3 34. Re4 Rd1+ 35. Kh2 Qd6 36. f4 Qd3 37. Bxf6+ Kxf6 38. Qg5+ Kg7 39. Re8 Qd6 40. Re5 f6 0-1

[Event "ChessOrg Schachfestival 2024 Bad Wörishofen"]
[White "Cerpnjak, Mirko"]
[Black "Ellerbrock, Manfred"]
[Site "Bad Woerishofen"]
[Round "3.43"]
[Annotator "wempe"]
[Result "1-0"]
[Date "2024.??.??"]
[WhiteElo "1839"]
[BlackElo "1917"]
[PlyCount "47"]
[GameId "2118793979371783"]
[EventDate "2024.03.10"]

1. d4 d5 2. Nf3 Nf6 3. e3 e6 4. Bd3 Bd6 5. O-O O-O 6. b3 Nbd7 7. Bb2 b6 8. Nbd2 Bb7 9. Ne5 Ne4 10. f3 Nxd2 11. Qxd2 Nxe5 12. dxe5 Be7 13. f4 f5 14. Qe2 g5 15. g4 gxf4 16. gxf5 fxe3 17. f6 Kh8 18. h4 Rg8+ 19. Kh2 d4 20. Rg1 Qd5 21. Qh5 Qxe5+ 22. Qxe5 Bd6 23. Bxd4 Raf8 24. f7+ 1-0

[Event "ChessOrg Schachfestival 2024 Bad Wörishofen"]
[White "Svanholm, Borge Waaktaar"]
[Black "Schmitt, Karl"]
[Site "Bad Woerishofen"]
[Round "3.45"]
[Annotator "wempe"]
[Result "1/2-1/2"]
[Date "2024.??.??"]
[WhiteElo "1838"]
[BlackElo "1906"]
[PlyCount "60"]
[GameId "2118793979371785"]
[EventDate "2024.03.10"]

1. c4 e5 2. Nc3 d6 3. g3 f5 4. Bg2 Nf6 5. Nf3 g6 6. O-O Bg7 7. d4 e4 8. Ne1 c6 9. d5 c5 10. f3 exf3 11. Nxf3 O-O 12. Qc2 Re8 13. Re1 Na6 14. a3 Nc7 15. Bg5 h6 16. Bd2 Bd7 17. Rac1 b5 18. b3 a5 19. Nh4 b4 20. axb4 axb4 21. Nd1 Kh7 22. Nf2 Ng8 23. e4 Ne7 24. exf5 Nxf5 25. Nxf5 Bxf5 26. Be4 Bxe4 27. Rxe4 Rxe4 28. Qxe4 Ra2 29. Be3 Qf6 30. Rd1 Ra8 1/2-1/2

[Event "ChessOrg Schachfestival 2024 Bad Wörishofen"]
[White "Lie, Terje"]
[Black "Neese, Hans-Joachim"]
[Site "Bad Woerishofen"]
[Round "3.46"]
[Annotator "wempe"]
[Result "0-1"]
[Date "2024.??.??"]
[WhiteElo "1594"]
[BlackElo "2042"]
[PlyCount "173"]
[GameId "2118793979371786"]
[EventDate "2024.03.10"]

1. d4 d5 2. c4 c6 3. Nc3 Nf6 4. Nf3 g6 5. cxd5 cxd5 6. e3 Bg7 7. Bb5+ Nbd7 8. Ne5 e6 9. O-O O-O 10. Nxd7 Nxd7 11. b3 a6 12. Be2 Qe7 13. Bb2 b5 14. Rc1 Bb7 15. Qd2 Rac8 16. Nb1 b4 17. Rxc8 Rxc8 18. Rc1 Rxc1+ 19. Qxc1 Qd6 20. Nd2 Bf8 21. Nf3 Be7 22. Qc2 Bd8 23. g3 f6 24. Bf1 Kf7 25. Bg2 Qc6 26. Ne1 a5 27. Bf1 Nb6 28. Qxc6 Bxc6 29. Nd3 Be7 30. h4 Nc8 31. Nc1 Nd6 32. Bd3 Nb5 33. Kf1 Bd6 34. Ne2 e5 35. Ke1 e4 36. Bc2 h6 37. Kf1 g5 38. Kg2 Bd7 39. hxg5 hxg5 40. Kf1 f5 41. Kg2 Nc7 42. Bd1 Bb5 43. Nc1 f4 44. gxf4 gxf4 45. Bg4 f3+ 46. Kg1 Ke7 47. Bh3 Ba6 48. Ba1 Bb7 49. Kf1 Kd8 50. Ke1 Be7 51. Bb2 Nb5 52. Bf1 Na7 53. Bh3 Kc7 54. Be6 Kd6 55. Bh3 Kc6 56. Kd2 Nb5 57. Ke1 Nc7 58. Kd2 Ba6 59. Ke1 Ne8 60. Be6 Ng7 61. Bg4 Ne8 62. Be6 Nd6 63. a4 Ne8 64. Bh3 Bh4 65. Na2 Ng7 66. Bg4 Kc7 67. Bc1 Bc8 68. Bxc8 Kxc8 69. Bd2 Be7 70. Kf1 Nf5 71. Kg1 Bd6 72. Kf1 Ne7 73. Kg1 Nc6 74. Kf1 Kd7 75. Kg1 Ke6 76. Be1 Kf5 77. Kf1 Kg4 78. Kg1 Kh3 79. Kf1 Kh2 80. Bd2 Kh1 81. Be1 Be7 82. Bd2 Bf6 83. Be1 Bg5 84. Nc1 Nxd4 85. Bxb4 axb4 86. a5 Nc6 87. a6 0-1

[Event "ChessOrg Schachfestival 2024 Bad Wörishofen"]
[White "Flockerzi, Armin"]
[Black "Kirby, Peter"]
[Site "Bad Woerishofen"]
[Round "3.47"]
[Annotator "wempe"]
[Result "0-1"]
[Date "2024.??.??"]
[WhiteElo "1817"]
[BlackElo "1980"]
[PlyCount "80"]
[GameId "2118793979371787"]
[EventDate "2024.03.10"]

1. d4 Nf6 2. Nf3 d5 3. g3 b5 4. Bg2 e6 5. c3 Bb7 6. Bg5 h6 7. Bxf6 Qxf6 8. Nbd2 Nd7 9. Qb3 c6 10. O-O Qd8 11. Rfe1 Be7 12. a4 a6 13. axb5 cxb5 14. e4 O-O 15. e5 Nb6 16. Bf1 Qc7 17. Rac1 Rac8 18. Qa2 Nc4 19. b4 Ra8 20. Nxc4 dxc4 21. Bg2 a5 22. bxa5 Rxa5 23. Qe2 Rfa8 24. Nd2 Ra2 25. Bxb7 Qxb7 26. Rb1 Qa6 27. Qe3 Qa5 28. Rec1 Qa7 29. Ne4 Ra3 30. Qd2 Ra2 31. Rb2 Rxb2 32. Qxb2 Ba3 33. Qc2 Bxc1 34. Qxc1 Qa1 35. Qxa1 Rxa1+ 36. Kg2 Ra3 37. Kf1 Ra2 38. f4 Kf8 39. Ke1 Ke7 40. g4 f6 0-1

[Event "ChessOrg Schachfestival 2024 Bad Wörishofen"]
[White "Marian, Hartmut"]
[Black "Titz, Waldemar"]
[Site "Bad Woerishofen"]
[Round "3.48"]
[Annotator "wempe"]
[Result "1/2-1/2"]
[Date "2024.??.??"]
[WhiteElo "1992"]
[BlackElo "1822"]
[PlyCount "57"]
[GameId "2118793979371788"]
[EventDate "2024.03.10"]

1. d4 Nf6 2. Bf4 d6 3. e3 g6 4. Nf3 Bg7 5. h3 c6 6. c3 b5 7. Nbd2 Bb7 8. Be2 Nbd7 9. O-O O-O 10. Bh2 a6 11. Re1 Re8 12. Qc2 Rc8 13. Rad1 Qc7 14. e4 e5 15. dxe5 Nxe5 16. Nxe5 dxe5 17. a4 Rcd8 18. Nf3 Nh5 19. Bf1 Qe7 20. Kh1 Kh8 21. Rxd8 Rxd8 22. Rd1 f6 23. Ne1 Bf8 24. Bg1 Nf4 25. g3 Ne6 26. f3 Qc7 27. Kg2 Bc5 28. Rxd8+ Qxd8 29. Qd3 1/2-1/2

[Event "ChessOrg Schachfestival 2024 Bad Wörishofen"]
[White "Hansch, Klaus -Michael"]
[Black "Moser, Andreas"]
[Site "Bad Woerishofen"]
[Round "3.49"]
[Annotator "wempe"]
[Result "1/2-1/2"]
[Date "2024.??.??"]
[WhiteElo "1900"]
[BlackElo "1819"]
[PlyCount "98"]
[GameId "2118793979371789"]
[EventDate "2024.03.10"]

1. e4 g6 2. d4 Bg7 3. Nc3 c5 4. Nf3 cxd4 5. Nxd4 Nc6 6. Nxc6 bxc6 7. Bc4 d6 8. O-O Nf6 9. h3 O-O 10. Bg5 Qa5 11. Bd2 Qc7 12. Qe2 e5 13. Bg5 h6 14. Bxf6 Bxf6 15. Qf3 Bg7 16. Qg3 Kh7 17. Rad1 f5 18. Bb3 a5 19. f3 f4 20. Qf2 g5 21. Qd2 Ba6 22. Rfe1 Rad8 23. a3 h5 24. Qf2 Bc8 25. Na4 c5 26. Nc3 Bb7 27. Bc4 Bc6 28. Qd2 Rf6 29. a4 g4 30. Bb5 Bb7 31. Nd5 Bxd5 32. Qxd5 gxh3 33. gxh3 Rg6+ 34. Kh2 Qe7 35. Rg1 Rg3 36. Rxg3 fxg3+ 37. Kg2 Bh6 38. Bc4 h4 39. Qf7+ Qxf7 40. Bxf7 Bf8 41. Bc4 Be7 42. b3 Kh6 43. Rd3 Kg5 44. Bd5 Kf4 45. Bc4 Rb8 46. Bb5 Rb6 47. Bc4 Rb7 48. Bb5 Rb6 49. Bc4 Rb8 1/2-1/2

[Event "ChessOrg Schachfestival 2024 Bad Wörishofen"]
[White "Stein, Eugen"]
[Black "Laustsen, Karl-Johan"]
[Site "Bad Woerishofen"]
[Round "3.50"]
[Annotator "wempe"]
[Result "1/2-1/2"]
[Date "2024.??.??"]
[WhiteElo "1806"]
[BlackElo "1897"]
[PlyCount "64"]
[GameId "2118793979371790"]
[EventDate "2024.03.10"]

1. d4 Nf6 2. Nc3 d5 3. Bf4 Bf5 4. e3 e6 5. Bd3 Bg6 6. Bxg6 hxg6 7. h3 c6 8. a3 Bd6 9. Bxd6 Qxd6 10. Nf3 Nbd7 11. Qd3 O-O 12. O-O e5 13. dxe5 Nxe5 14. Nxe5 Qxe5 15. Rad1 Rfe8 16. Rfe1 Rad8 17. Qd4 Qb8 18. Qd3 Re6 19. Ne2 Red6 20. c3 Ne4 21. Qc2 Nf6 22. Ng3 Qc7 23. Rd2 Qe7 24. Red1 Qe6 25. Qb3 R6d7 26. Qc2 Kf8 27. Qa4 a6 28. Qh4 Kg8 29. Rd3 Rd6 30. Qf4 R6d7 31. Qb4 Nh5 32. Qh4 Nf6 1/2-1/2

[Event "ChessOrg Schachfestival 2024 Bad Wörishofen"]
[White "Eigenmann, Christina"]
[Black "Schmieder, Siegfried"]
[Site "Bad Woerishofen"]
[Round "3.51"]
[Annotator "wempe"]
[Result "0-1"]
[Date "2024.??.??"]
[WhiteElo "1799"]
[BlackElo "1892"]
[PlyCount "58"]
[GameId "2118793979371791"]
[EventDate "2024.03.10"]

1. d4 f5 2. b3 Nf6 3. Nd2 Nc6 4. e3 g6 5. Bb2 Bg7 6. d5 Nb8 7. c4 c6 8. dxc6 bxc6 9. Qc2 O-O 10. Ne2 c5 11. Nf4 Bb7 12. f3 Qc7 13. O-O-O Nc6 14. Bxf6 Bxf6 15. Nd5 Qe5 16. Nxf6+ Rxf6 17. Re1 a5 18. f4 Qc7 19. Nf3 a4 20. bxa4 Nb4 21. Qb2 Rxa4 22. a3 Rfa6 23. Qe5 Qxe5 24. Nxe5 Rxa3 25. Bd3 Nxd3+ 26. Nxd3 Rxd3 27. Kc2 Be4 28. Kb2 Rb6+ 29. Ka2 Rdb3 0-1

[Event "ChessOrg Schachfestival 2024 Bad Wörishofen"]
[White "Schleime, Franz-Josef"]
[Black "Speicher, Franz"]
[Site "Bad Woerishofen"]
[Round "3.53"]
[Annotator "wempe"]
[Result "0-1"]
[Date "2024.??.??"]
[WhiteElo "1779"]
[BlackElo "1885"]
[PlyCount "120"]
[GameId "2118793979371793"]
[EventDate "2024.03.10"]

1. d4 d5 2. Nf3 Nf6 3. c3 e6 4. Bf4 c5 5. e3 Nc6 6. h3 Bd6 7. Bg5 h6 8. Bxf6 Qxf6 9. Bd3 O-O 10. Nbd2 cxd4 11. cxd4 e5 12. dxe5 Nxe5 13. Nxe5 Bxe5 14. O-O Bxb2 15. Rb1 Be5 16. Nf3 b6 17. Be2 Be6 18. Ba6 Rad8 19. Nd4 Bxd4 20. exd4 Bc8 21. Be2 Rfe8 22. Bf3 Ba6 23. Re1 Rxe1+ 24. Qxe1 Qxd4 25. Rd1 Qc5 26. Bxd5 Kf8 27. Bb3 Rxd1 28. Qxd1 Qe7 29. Qf3 g6 30. Qf4 Kg7 31. Qd4+ Qf6 32. Qd7 Qa1+ 33. Kh2 Qe5+ 34. g3 Qf6 35. Kg2 Be2 36. Bd5 a5 37. a4 h5 38. h4 Bg4 39. Qe8 Be6 40. Bb7 Qf5 41. Qc6 Qc5 42. Qe4 Kh7 43. Qf3 Qf5 44. Qc6 Qc5 45. Qe4 Qc4 46. Bc6 Qxe4+ 47. Bxe4 Bd7 48. Bc2 Bc6+ 49. f3 Kg7 50. Kf2 Bd5 51. Ke3 Kf6 52. f4 Ke6 53. Kd4 f5 54. Bd1 Kd6 55. Bc2 Bf7 56. Bd1 Be8 57. Bc2 b5 58. axb5 Bxb5 59. Bb3 Be8 60. Bg8 a4 0-1

[Event "ChessOrg Schachfestival 2024 Bad Wörishofen"]
[White "Kolas, Matija"]
[Black "Mueggenburg, Rolf"]
[Site "Bad Woerishofen"]
[Round "3.55"]
[Annotator "wempe"]
[Result "1-0"]
[Date "2024.??.??"]
[WhiteElo "1872"]
[BlackElo "1781"]
[PlyCount "63"]
[GameId "2118793979371795"]
[EventDate "2024.03.10"]

1. d4 Nf6 2. e3 e6 3. f4 c6 4. Nf3 Be7 5. Bd3 d6 6. c3 h6 7. O-O b5 8. a3 Bb7 9. e4 Nbd7 10. e5 Nd5 11. exd6 Bxd6 12. Ne5 N7f6 13. Qf3 Qc7 14. Nd2 O-O-O 15. Ne4 Nxe4 16. Bxe4 Nf6 17. Bxc6 Bxc6 18. Qxc6 Qxc6 19. Nxc6 Rd7 20. Ne5 Rc7 21. Re1 Kb7 22. Bd2 Rf8 23. Nf3 Nd5 24. g3 Nf6 25. a4 a6 26. axb5 axb5 27. Ra5 Ra8 28. Rxb5+ Kc6 29. Rb3 Rca7 30. c4 Nh7 31. Ne5+ Bxe5 32. Rxe5 1-0

[Event "ChessOrg Schachfestival 2024 Bad Wörishofen"]
[White "Hager, Eberhard"]
[Black "Collins, Alan"]
[Site "Bad Woerishofen"]
[Round "3.56"]
[Annotator "wempe"]
[Result "1/2-1/2"]
[Date "2024.??.??"]
[WhiteElo "1863"]
[BlackElo "1743"]
[PlyCount "32"]
[GameId "2118793979371796"]
[EventDate "2024.03.10"]

1. e4 d6 2. d4 Nf6 3. Nc3 c6 4. Bd3 Nbd7 5. Nf3 e5 6. dxe5 dxe5 7. O-O Be7 8. a4 a5 9. Ne2 O-O 10. Ng3 Re8 11. h3 Qc7 12. Ng5 h6 13. Nf3 Nc5 14. Ne2 Nxd3 15. cxd3 Be6 16. Nd2 Rad8 1/2-1/2

[Event "ChessOrg Schachfestival 2024 Bad Wörishofen"]
[White "Eschle, Hubert"]
[Black "Lachat, Martin"]
[Site "Bad Woerishofen"]
[Round "3.57"]
[Annotator "wempe"]
[Result "1-0"]
[Date "2024.??.??"]
[WhiteElo "1860"]
[BlackElo "1742"]
[PlyCount "66"]
[GameId "2118793979371797"]
[EventDate "2024.03.10"]

1. e4 e5 2. Nf3 d6 3. Bc4 Be7 4. d4 Nd7 5. O-O Ngf6 6. Nc3 O-O 7. h3 h6 8. Be3 Re8 9. Nd2 Nh7 10. Qh5 Rf8 11. dxe5 dxe5 12. f4 exf4 13. Bxf4 Nhf6 14. Qf3 Nb6 15. Bd3 Be6 16. Rad1 Bc5+ 17. Kh1 c6 18. Bxh6 Ng4 19. Bf4 Qh4 20. Bg3 Qh6 21. Nb3 Be3 22. Rde1 Bg5 23. Nd4 Bd7 24. Nd1 Rae8 25. Nf5 Bxf5 26. Qxf5 Ne3 27. Nxe3 Bxe3 28. Bf4 Bxf4 29. Rxf4 Re6 30. e5 Nd5 31. Rf2 Rg6 32. c4 Ne7 33. Qd7 Qg5 1-0

[Event "ChessOrg Schachfestival 2024 Bad Wörishofen"]
[White "Pichl, Michael"]
[Black "Cremonini, Stefano"]
[Site "Bad Woerishofen"]
[Round "3.58"]
[Result "0-1"]
[Date "2024.??.??"]
[WhiteElo "1860"]
[BlackElo "1734"]
[PlyCount "64"]
[GameId "2118793979371798"]
[EventDate "2024.03.10"]

1. Nf3 d5 2. g3 c6 3. Bg2 Bg4 4. O-O Nd7 5. d3 Ngf6 6. Nbd2 e5 7. e4 Be7 8. Re1 Qc7 9. c3 O-O 10. Qc2 Rfe8 11. h3 Bxf3 12. Nxf3 dxe4 13. dxe4 a5 14. b3 Rad8 15. a3 Nc5 16. Bf1 Ne6 17. Bb2 Nd7 18. Red1 Ndf8 19. Ne1 Rxd1 20. Rxd1 Rd8 21. h4 Rxd1 22. Qxd1 Qd8 23. Qe2 Bd6 24. Ng2 Nd7 25. Ne3 Bc7 26. Nf5 Nf6 27. Qf3 Qd2 28. Bc4 Qxb2 29. Nh6+ Kf8 30. Bxe6 Qc1+ 31. Kg2 Qxh6 32. Bc4 Qd2 0-1

[Event "ChessOrg Schachfestival 2024 Bad Wörishofen"]
[White "Sombetzki, Detlef"]
[Black "Sakowski, Christian"]
[Site "Bad Woerishofen"]
[Round "3.59"]
[Annotator "wempe"]
[Result "1/2-1/2"]
[Date "2024.??.??"]
[WhiteElo "1719"]
[BlackElo "1854"]
[PlyCount "47"]
[GameId "2118793979371799"]
[EventDate "2024.03.10"]

1. d4 Nf6 2. Bf4 e6 3. e3 b6 4. Nf3 Bb7 5. Nbd2 d6 6. Be2 Nbd7 7. h3 Be7 8. O-O O-O 9. c3 Re8 10. Qc2 a6 11. e4 c5 12. Rac1 Bf8 13. Bh2 e5 14. d5 g6 15. Rfe1 Bh6 16. Rcd1 Nh5 17. c4 Ng7 18. Bd3 Rf8 19. Nf1 Qe7 20. Ne3 Nf6 21. g4 Bxe3 22. Rxe3 Nfe8 23. Kh1 Bc8 24. Rg1 1/2-1/2